00333nam a22000857a 4500008004100000082002200041245014100063260003500204300000800239230629b xxu||||| |||| 00| 0 eng d a338.916bUNP 1987 aActivities of Foreign Economic Interests Operating in NamibiabReport of Standing Committee II of the United Nations Council for Namibia aNew YorkbUnited Nationsc1987 a34p